000 00501nam a22002057a 4500
003 CEME
005 20210628210628.0
008 210118b xxu||||| |||| 00| 0 eng d
020 _a9781259064852
040 _c.
082 _a620.0042 DIE
100 _aDieter, George E
_918864
245 _aEngineering design
250 _a4TH
260 _aINDIA
_bMCGRAW HILL
_c2015
300 _aXXI, 863P
650 _aENGINEERING DESIGN
_919438
700 _aSchmidt, Linda C
_980262
942 _cBK
_2ddc
999 _c585209
_d585209